<?xml version="1.0" encoding="UTF-8"?>
<record
    xmlns:xsi="http://www.w3.org/2001/XMLSchema-instance"
    xsi:schemaLocation="http://www.loc.gov/MARC21/slim http://www.loc.gov/standards/marcxml/schema/MARC21slim.xsd"
    xmlns="http://www.loc.gov/MARC21/slim">

  <leader>00789nam a22002177a 4500</leader>
  <datafield tag="999" ind1=" " ind2=" ">
    <subfield code="c">18207</subfield>
    <subfield code="d">18207</subfield>
  </datafield>
  <controlfield tag="008">200130b        xxu||||| |||| 00| 0 eng d</controlfield>
  <datafield tag="020" ind1=" " ind2=" ">
    <subfield code="a">3318055993</subfield>
  </datafield>
  <datafield tag="040" ind1=" " ind2=" ">
    <subfield code="a">KABU</subfield>
    <subfield code="c">KABU</subfield>
  </datafield>
  <datafield tag="050" ind1=" " ind2=" ">
    <subfield code="a">R857</subfield>
    <subfield code="b">.N49 2014 v. 84 c. 1</subfield>
  </datafield>
  <datafield tag="245" ind1=" " ind2=" ">
    <subfield code="a">Next-generation nutritional biomarkers to guide better health care</subfield>
    <subfield code="c">Emmanuel E. Baetge, Anil Dhawan, Andrew M. Prentice (eds.)</subfield>
  </datafield>
  <datafield tag="260" ind1=" " ind2=" ">
    <subfield code="a">Switzerland</subfield>
    <subfield code="b">Nestle Nutrition Institute</subfield>
    <subfield code="c">2014</subfield>
  </datafield>
  <datafield tag="300" ind1=" " ind2=" ">
    <subfield code="a">xiv, 125 p.</subfield>
  </datafield>
  <datafield tag="650" ind1=" " ind2=" ">
    <subfield code="a">Biological markers</subfield>
    <subfield code="x">Congresses</subfield>
  </datafield>
  <datafield tag="650" ind1=" " ind2=" ">
    <subfield code="a">Nutritional physiological phenomena</subfield>
    <subfield code="x">Congresses</subfield>
  </datafield>
  <datafield tag="650" ind1=" " ind2=" ">
    <subfield code="a">Health status indicators</subfield>
    <subfield code="x">Congresses</subfield>
  </datafield>
  <datafield tag="650" ind1=" " ind2=" ">
    <subfield code="a">Forecasting</subfield>
    <subfield code="v">Methods</subfield>
    <subfield code="x">Congresses</subfield>
  </datafield>
  <datafield tag="700" ind1=" " ind2=" ">
    <subfield code="a">Baetge, Emmanuel E.</subfield>
  </datafield>
  <datafield tag="700" ind1=" " ind2=" ">
    <subfield code="a">Dhawan, Anil</subfield>
  </datafield>
  <datafield tag="700" ind1=" " ind2=" ">
    <subfield code="a">Prentice, Andrew M.</subfield>
  </datafield>
  <datafield tag="942" ind1=" " ind2=" ">
    <subfield code="2">lcc</subfield>
    <subfield code="c">BK</subfield>
    <subfield code="h">R857</subfield>
  </datafield>
  <datafield tag="952" ind1=" " ind2=" ">
    <subfield code="0">0</subfield>
    <subfield code="1">0</subfield>
    <subfield code="2">lcc</subfield>
    <subfield code="7">0</subfield>
    <subfield code="a">KABU</subfield>
    <subfield code="b">KABU</subfield>
    <subfield code="d">2020-01-30</subfield>
    <subfield code="g">9199.00</subfield>
    <subfield code="l">0</subfield>
    <subfield code="o">R857 .N49 2014 v. 84 c. 1</subfield>
    <subfield code="p">028177</subfield>
    <subfield code="r">2020-01-30 00:00:00</subfield>
    <subfield code="t">c. 1</subfield>
    <subfield code="w">2020-01-30</subfield>
    <subfield code="y">BK</subfield>
  </datafield>
  <datafield tag="952" ind1=" " ind2=" ">
    <subfield code="0">0</subfield>
    <subfield code="1">0</subfield>
    <subfield code="2">lcc</subfield>
    <subfield code="7">0</subfield>
    <subfield code="a">KABU</subfield>
    <subfield code="b">KABU</subfield>
    <subfield code="d">2020-01-30</subfield>
    <subfield code="g">9199.00</subfield>
    <subfield code="l">0</subfield>
    <subfield code="o">R857 .N49 2014 v. 84 c. 2</subfield>
    <subfield code="p">028082</subfield>
    <subfield code="r">2020-01-30 00:00:00</subfield>
    <subfield code="t">c. 2</subfield>
    <subfield code="w">2020-01-30</subfield>
    <subfield code="y">BK</subfield>
  </datafield>
  <datafield tag="952" ind1=" " ind2=" ">
    <subfield code="0">0</subfield>
    <subfield code="1">0</subfield>
    <subfield code="2">lcc</subfield>
    <subfield code="7">0</subfield>
    <subfield code="a">KABU</subfield>
    <subfield code="b">KABU</subfield>
    <subfield code="d">2020-01-30</subfield>
    <subfield code="g">9199.00</subfield>
    <subfield code="l">0</subfield>
    <subfield code="o">R857 .N49 2014 v. 84 c. 3</subfield>
    <subfield code="p">028346</subfield>
    <subfield code="r">2020-01-31 00:00:00</subfield>
    <subfield code="t">c. 3</subfield>
    <subfield code="w">2020-01-30</subfield>
    <subfield code="y">BK</subfield>
  </datafield>
</record>
